000 00405cam a22001337a 4500
008 180718b1951 xxu||||| |||| 00| 0 eng d
082 _aLx54 T543
100 _aTiwari, Gopal
245 _aEconomic prosperity of the United provinces
_cby Gopal Tiwari
260 _aBombay
_bAsia
_c1951
300 _av.p.
650 _aUttar Pradesh (India) --Economic conditions
650 _aIncome --India --Uttar Pradesh
999 _c437953
_d437953